The autobiography of Malcolm X / (Record no. 328944)

000 -LEADER
fixed length control field 00825cam a22002294a 4500
001 - CONTROL NUMBER
control field 16038717
003 - CONTROL NUMBER IDENTIFIER
control field Nust
005 - DATE AND TIME OF LATEST TRANSACTION
control field 20170419153808.0
008 - FIXED-LENGTH DATA ELEMENTS--GENERAL INFORMATION
fixed length control field 091231s1973 nyu 000 0aeng
010 ## - LIBRARY OF CONGRESS CONTROL NUMBER
LC control number 2009655119
020 ## - INTERNATIONAL STANDARD BOOK NUMBER
International Standard Book Number 9780345350688
040 ## - CATALOGING SOURCE
Original cataloging agency DLC
Transcribing agency DLC
050 00 - LIBRARY OF CONGRESS CALL NUMBER
Classification number E185.97.L5
Item number A3 1973
082 ## - DEWEY DECIMAL CLASSIFICATION NUMBER
Classification number 320.54092
Author Mark HAL
100 1# - MAIN ENTRY--PERSONAL NAME
Personal name X, Malcolm,
Dates associated with a name 1925-1965.
245 14 - TITLE STATEMENT
Title The autobiography of Malcolm X /
Statement of responsibility, etc. with the assistance of Alex Haley; introduction by M. S. Handler ; epilogue by Alex Haley.
250 ## - EDITION STATEMENT
Edition statement 1st Ballantine Books ed.
260 ## - PUBLICATION, DISTRIBUTION, ETC.
Place of publication, distribution, etc. New York :
Name of publisher, distributor, etc. Ballantine Books,
Date of publication, distribution, etc. 1973.
300 ## - PHYSICAL DESCRIPTION
Extent xiv, 465 p. ;
Dimensions 18 cm.
500 ## - GENERAL NOTE
General note "This edition published by arrangement with Grove Press, Inc."
600 10 - SUBJECT ADDED ENTRY--PERSONAL NAME
Personal name X, Malcolm,
Dates associated with a name 1925-1965.
650 #0 - SUBJECT ADDED ENTRY--TOPICAL TERM
Topical term or geographic name entry element Black Muslims
Form subdivision Biography.
650 #0 - SUBJECT ADDED ENTRY--TOPICAL TERM
Topical term or geographic name entry element African Americans
Form subdivision Biography.
700 1# - ADDED ENTRY--PERSONAL NAME
Personal name Haley, Alex.
906 ## - LOCAL DATA ELEMENT F, LDF (RLIN)
a 7
b cbc
c orignew
d u
e ocip
f 20
g y-gencatlg
942 ## - ADDED ENTRY ELEMENTS (KOHA)
Source of classification or shelving scheme
Koha item type Book
Holdings
Withdrawn status Lost status Source of classification or shelving scheme Damaged status Not for loan Collection code Permanent Location Current Location Shelving location Date acquired Total Checkouts Total Renewals Full call number Barcode Date last seen Date last checked out Copy number Price effective from Koha item type
            Central Library (CL) Central Library (CL) Book Cart 04/19/2017 3 6 320.54092 HAL CL2246 08/27/2024 06/04/2023 1 04/19/2017 Book
© 2023 Central Library, National University of Sciences and Technology. All Rights Reserved.